Statystyki dla Kierowcy F1 2021

Kliknij tutaj aby rozwiązać quiz!

Ogólne statystyki

  • Ten quiz został rozwiązany 252 razy
    (222 od ostatniego zresetowania)
  • Średni wynik to 19 z 21

Statystyki odpowiedzi

ZespółKierowca% Poprawnych
Mercedes-AMG Petronas F1 TeamLewis Hamilton
100%
Red Bull Racing HondaMax Verstappen
98%
Sergio Perez
96%
Valtteri Bottas
96%
Aston Martin Cognizant F1 TeamSebastian Vettel
95%
Scuderia Ferrari Mission WinnowCharles Leclerc
93%
Alpine F1 TeamFernando Alonso
93%
Lando Norris
92%
Scuderia AlphaTauri HondaPierre Gasly
90%
Yuki Tsunoda
90%
Carlos Sainz
89%
Esteban Ocon
89%
Williams RacingGeorge Russell
87%
Lance Stroll
87%
Uralkali Haas F1 TeamMick Schumacher
87%
Nicholas Latifi
84%
Nikita Mazepin
83%
Robert Kubica
83%
McLaren F1 TeamDaniel Ricciardo
82%
Alfa Romeo Racing OrlenKimi Raikkonen
81%
Antonio Giovinazzi
71%

Rozkład punktacji

Percentyl według liczby udzielonych odpowiedzi

Procent ludzi z każdym wynikiem

Twoja historia wyników

Nie rozwiązałeś tego quizu od ostatniego zresetowania